000 00301nam a2200121Ia 4500
008 190216s9999||||xx |||||||||||||| ||und||
100 _aJames Wilford G
245 0 _aPolitical Science And Goverment
260 _bAmerican Book Co
_c1935
300 _a750p
650 _aPolitical Science
942 _cBK
999 _c34780
_d34780